[Event "HUN-chT2 Maroczy 1819"]
[Site "Hungary"]
[Date "2018.10.07"]
[Round "2.8"]
[White "Kerek, Krisztian"]
[Black "Ondok, Laszlo"]
[Result "1-0"]
[WhiteElo "2293"]
[BlackElo "2153"]
[PlyCount "97"]
[EventDate "2018.09.23"]
[EventType "team-tourn"]
[EventRounds "11"]
[EventCountry "HUN"]
[SourceTitle "EXT 2020"]
[Source "ChessBase"]
[SourceDate "2019.10.17"]
[SourceVersion "1"]
[SourceVersionDate "2019.10.17"]
[SourceQuality "1"]
[WhiteTeam "Szigetszentmiklos"]
[BlackTeam "Kisujszallas"]
[WhiteTeamCountry "HUN"]
[BlackTeamCountry "HUN"]

1. e4 Nc6 2. Nf3 d6 3. d4 Nf6 4. d5 Nb8 5. Nc3 g6 6. Be2 Bg7 7. 0-0 0-0 8. h3 Nbd7 9. Be3 c5 10. Nd2 Rb8 11. a4 Ne8 12. Nc4 Nc7 13. Qd2 Re8 14. Bh6 Bh8 15. f4 b6 16. e5 Nf8 17. Bf3 Ba6 18. b3 Bxc4 19. bxc4 dxe5 20. fxe5 Bxe5 21. Rae1 Bd4+ 22. Kh1 Nd7 23. Ne4 Ne5 24. Be2 Nd7 25. Qf4 f6 26. Bg4 Be5 27. Qf3 Nf8 28. Ng5 Qd6 29. Ne4 Qd8 30. Rd1 a6 31. d6 exd6 32. Nxf6+ Bxf6 33. Qxf6 Qxf6 34. Rxf6 b5 35. axb5 axb5 36. Rdxd6 bxc4 37. Rc6 Nd5 38. Rfd6 Rbd8 39. Rxd8 Rxd8 40. Rxc5 c3 41. Bf3 Nb4 42. Rxc3 Ne6 43. Rc4 Nd5 44. Ra4 Nc3 45. Ra7 Re8 46. Bg4 Nd4 47. Rg7+ Kh8 48. Rd7 Ndb5 49. Be6 1-0

[Event "HUN-chT2 Maroczy 1415"]
[Site "Hungary"]
[Date "2015.02.08"]
[Round "6"]
[White "Pribelszky, Bence"]
[Black "Ondok, Laszlo"]
[Result "1/2-1/2"]
[WhiteElo "1890"]
[BlackElo "2191"]
[PlyCount "93"]
[EventDate "2014.10.12"]
[EventType "team-tourn"]
[EventRounds "9"]
[EventCountry "HUN"]
[SourceTitle "EXT 2016"]
[Source "ChessBase"]
[SourceDate "2015.10.08"]
[SourceVersion "1"]
[SourceVersionDate "2015.10.08"]
[SourceQuality "1"]
[WhiteTeam "Miskolc KisBocsok"]
[BlackTeam "Kisujszallas"]
[WhiteTeamCountry "HUN"]
[BlackTeamCountry "HUN"]

1. e4 Nc6 2. Nc3 e6 3. d4 Bb4 4. Nf3 d6 5. Bg5 Nge7 6. Qd2 f6 7. Be3 e5 8. d5 Nb8 9. a3 Ba5 10. b4 Bb6 11. Bb5+ Nd7 12. 0-0 0-0 13. a4 Bxe3 14. fxe3 a5 15. Ne2 axb4 16. Bxd7 Bxd7 17. Qxb4 Qb8 18. Ng3 Qa7 19. Ra3 Qa5 20. Rb1 Qxb4 21. Rxb4 b6 22. c4 Ra5 23. Ne2 h6 24. Nc3 Kf7 25. Rb1 Rfa8 26. Rba1 Ke8 27. Nd2 Kd8 28. h3 Be8 29. g4 h5 30. Kf2 hxg4 31. hxg4 Ng6 32. Kg3 Nf8 33. Nb3 R5a6 34. a5 Nd7 35. R3a2 bxa5 36. Nxa5 Kc8 37. Nc6 Rxa2 38. Rxa2 Rxa2 39. Nxa2 Nc5 40. Nc3 Bxc6 41. dxc6 Ne6 42. Kh4 Kd8 43. Kh5 Ke8 44. Kg6 Kf8 45. Nd5 Kg8 46. Ne7+ Kf8 47. Nd5 1/2-1/2

[Event "HUN-chT2 Maroczy 1314"]
[Site "Hungary"]
[Date "2013.11.03"]
[Round "4"]
[White "Kaposztas, Miklos"]
[Black "Ondok, Laszlo"]
[Result "1/2-1/2"]
[WhiteElo "2171"]
[BlackElo "2210"]
[PlyCount "73"]
[EventDate "2013.09.08"]
[EventType "team-tourn"]
[EventRounds "11"]
[EventCountry "HUN"]
[SourceTitle "EXT 2016"]
[Source "ChessBase"]
[SourceDate "2015.10.08"]
[SourceVersion "1"]
[SourceVersionDate "2015.10.08"]
[SourceQuality "1"]
[WhiteTeam "Budapest Vasas"]
[BlackTeam "Kisujszallas"]
[WhiteTeamCountry "HUN"]
[BlackTeamCountry "HUN"]

1. d4 d5 2. Nf3 c6 3. c4 Nf6 4. Nc3 e6 5. cxd5 exd5 6. Bg5 Be7 7. Qc2 0-0 8. e3 Nbd7 9. Bd3 Re8 10. 0-0 Nf8 11. Bxf6 Bxf6 12. b4 Ng6 13. b5 Bg4 14. Nd2 Qc8 15. bxc6 bxc6 16. Rfc1 Nh4 17. Bf1 Bg5 18. Qd3 Qe6 19. Na4 Qh6 20. Re1 Re7 21. f4 Bf6 22. Rac1 Rae8 23. Rxc6 Nf5 24. Nf3 Rxe3 25. Rxe3 Nxe3 26. Ne5 Qxf4 27. g3 Qh6 28. Qb5 Rf8 29. Nc3 Qg5 30. h4 Qf5 31. Bd3 Qh5 32. Nxd5 Bxe5 33. Ne7+ Kh8 34. Qxe5 Qxe5 35. dxe5 Be6 36. Ra6 g6 37. Rxa7 1/2-1/2

[Event "HUN-chT2 Toth 1112"]
[Site "Hungary"]
[Date "2011.11.27"]
[Round "4.1"]
[White "Ondok, Laszlo"]
[Black "Csikos, Mihaly"]
[Result "1/2-1/2"]
[WhiteElo "2242"]
[BlackElo "2040"]
[PlyCount "35"]
[EventDate "2011.09.25"]
[EventType "team-tourn"]
[EventRounds "11"]
[EventCountry "HUN"]
[SourceTitle "EXT 2013"]
[Source "ChessBase"]
[SourceDate "2012.11.22"]
[SourceVersion "1"]
[SourceVersionDate "2012.11.22"]
[SourceQuality "1"]
[WhiteTeam "Keviterv"]
[BlackTeam "Roszke II"]
[WhiteTeamCountry "HUN"]
[BlackTeamCountry "HUN"]

1. e4 e5 2. Nf3 Nf6 3. Nxe5 d6 4. Nf3 Nxe4 5. Nc3 Nf6 6. d4 d5 7. Bd3 Nc6 8. Ne2 Bg4 9. Ne5 Nxe5 10. dxe5 Nd7 11. h3 Bh5 12. g4 Bg6 13. Bxg6 hxg6 14. Qxd5 c6 15. Qe4 Qa5+ 16. Bd2 Qxe5 17. Qxe5+ Nxe5 18. 0-0-0 1/2-1/2

[Event "HUN-chT2 Toth 1011"]
[Site "Hungary"]
[Date "2011.05.01"]
[Round "10.1"]
[White "Ondok, Laszlo"]
[Black "Csala, Imre"]
[Result "1-0"]
[WhiteElo "2246"]
[BlackElo "2293"]
[PlyCount "61"]
[EventDate "2010.09.12"]
[EventType "team-tourn"]
[EventRounds "11"]
[EventCountry "HUN"]
[SourceTitle "EXT 2012"]
[Source "ChessBase"]
[SourceDate "2011.11.24"]
[SourceVersion "1"]
[SourceVersionDate "2011.11.24"]
[SourceQuality "1"]
[WhiteTeam "Szolnok"]
[BlackTeam "Takisz"]
[WhiteTeamCountry "HUN"]
[BlackTeamCountry "HUN"]

1. e4 d6 2. d4 g6 3. Nc3 Bg7 4. f4 Nc6 5. d5 Nb8 6. Nf3 c5 7. Bb5+ Nd7 8. e5 a6 9. Bxd7+ Bxd7 10. 0-0 Qc7 11. exd6 exd6 12. Re1+ Kf8 13. Be3 Nf6 14. h3 Re8 15. Qd2 b5 16. a3 a5 17. Qd3 c4 18. Qd1 b4 19. axb4 axb4 20. Na4 Bf5 21. Nd4 Be4 22. Nb5 Qd7 23. Nxd6 Rd8 24. Bc5 Bxd5 25. Nb7+ Kg8 26. Nxd8 Qxd8 27. Be7 Qa5 28. Nc5 Qc7 29. Qxd5 Nxd5 30. Ra8+ Bf8 31. Bxf8 1-0

[Event "HUN-chT2 Erkel 0809"]
[Site "Hungary"]
[Date "2008.11.30"]
[Round "3.2"]
[White "Sinka, Istvan"]
[Black "Ondok, Laszlo"]
[Result "1-0"]
[WhiteElo "2305"]
[BlackElo "2240"]
[PlyCount "114"]
[EventDate "2008.10.26"]
[EventType "team-tourn"]
[EventRounds "11"]
[EventCountry "HUN"]
[SourceTitle "EXT 2010"]
[Source "ChessBase"]
[SourceDate "2010.11.25"]
[SourceVersion "1"]
[SourceVersionDate "2010.11.25"]
[SourceQuality "1"]
[WhiteTeam "Jaszbereny"]
[BlackTeam "Keviterv"]
[WhiteTeamCountry "HUN"]
[BlackTeamCountry "HUN"]

1. e4 c5 2. c3 g6 3. d4 cxd4 4. cxd4 d5 5. exd5 Nf6 6. Bb5+ Nbd7 7. Nc3 Bg7 8. Nf3 0-0 9. Bxd7 Qxd7 10. Ne5 Qd6 11. Nc4 Qa6 12. Ne3 Rd8 13. Qb3 Ng4 14. h3 Nxe3 15. Bxe3 Qd3 16. Rd1 Qf5 17. 0-0 b6 18. Qb4 Bf6 19. a4 Bb7 20. a5 Bxd5 21. axb6 axb6 22. Ra1 Rab8 23. Ra6 b5 24. Ra5 Bc4 25. Rd1 e5 26. d5 e4 27. Bd4 Bxd4 28. Rxd4 Bd3 29. Ra7 Qe5 30. Re7 Qd6 31. Qxd6 Rxd6 32. f3 Kf8 33. Rc7 b4 34. Nxe4 Bxe4 35. fxe4 Rb5 36. Rdc4 Kg7 37. Kf2 Kf6 38. Ke3 h5 39. Kd4 Rd8 40. h4 Re8 41. R4c6+ Kg7 42. e5 Kf8 43. b3 Rd8 44. d6 Re8 45. Rc5 Rbb8 46. Rd7 f6 47. exf6 Re6 48. f7 Rf6 49. Rcc7 Rf2 50. Rb7 Ra8 51. g3 Rf3 52. Rxb4 Rxg3 53. Rdb7 Rg1 54. Kd5 g5 55. Ke6 Rf1 56. Rb8+ Rxb8 57. Rxb8+ Kg7 1-0

[Event "HUN-chT2 Erkel 0607"]
[Site "Hungary"]
[Date "2007.04.29"]
[Round "9"]
[White "Szalanczy, Emil"]
[Black "Ondok, Laszlo"]
[Result "1-0"]
[WhiteElo "2369"]
[BlackElo "2203"]
[PlyCount "108"]
[EventDate "2006.11.12"]
[EventType "team"]
[EventRounds "11"]
[EventCountry "HUN"]
[SourceTitle "EXT 2008"]
[Source "ChessBase"]
[SourceDate "2007.11.25"]
[SourceVersion "1"]
[SourceVersionDate "2007.11.25"]
[SourceQuality "1"]
[WhiteTeam "Hobagoly"]
[BlackTeam "Keviterv"]
[WhiteTeamCountry "HUN"]
[BlackTeamCountry "HUN"]

1. e4 Nc6 2. Nf3 d6 3. d4 Nf6 4. Nc3 Bg4 5. Be3 e6 6. h3 Bh5 7. Be2 Be7 8. 0-0 d5 9. e5 Nd7 10. g4 Bg6 11. Nh2 Nb4 12. Rc1 c5 13. f4 cxd4 14. Bxd4 Nc6 15. Bf2 0-0 16. Nf3 Nc5 17. Nd4 Ne4 18. Nxe4 Bxe4 19. c3 Qd7 20. Bf3 Bxf3 21. Nxf3 Rac8 22. b4 a5 23. a3 axb4 24. axb4 Ra8 25. Ra1 Rfc8 26. Qd3 g6 27. g5 Bf8 28. Nh2 Ne7 29. Ng4 Bg7 30. b5 Qc7 31. b6 Qc6 32. Ra7 Rab8 33. Ra3 Nf5 34. Rb1 h5 35. Nf6+ Bxf6 36. gxf6 Qc4 37. Qxc4 Rxc4 38. Rb4 Rc6 39. Rba4 Rcc8 40. Ra5 Kf8 41. Bc5+ Ke8 42. R3a4 Kd7 43. c4 d4 44. Ba3 Kc6 45. c5 Rd8 46. Bc1 d3 47. Bd2 Nd4 48. Ra2 Rd5 49. Kf2 Nb3 50. R5a3 Nxd2 51. Rxd2 Rbd8 52. Rc3 Rxc5 53. Rcxd3 Rxd3 54. Rxd3 Kxb6 1-0

[Event "HUN-chT2 Erkel 0607"]
[Site "Hungary"]
[Date "2007.03.04"]
[Round "6"]
[White "Palvolgyi, Istvan"]
[Black "Ondok, Laszlo"]
[Result "1/2-1/2"]
[WhiteElo "2212"]
[BlackElo "2203"]
[PlyCount "85"]
[EventDate "2006.11.12"]
[EventType "team"]
[EventRounds "11"]
[EventCountry "HUN"]
[SourceTitle "EXT 2008"]
[Source "ChessBase"]
[SourceDate "2007.11.25"]
[SourceVersion "1"]
[SourceVersionDate "2007.11.25"]
[SourceQuality "1"]
[WhiteTeam "Dunaharaszti II"]
[BlackTeam "Keviterv"]
[WhiteTeamCountry "HUN"]
[BlackTeamCountry "HUN"]

1. e4 c5 2. Nf3 Nc6 3. Bb5 e5 4. Bxc6 dxc6 5. h3 Bd6 6. d3 Ne7 7. 0-0 0-0 8. Nbd2 f6 9. a4 g5 10. Nc4 Ng6 11. Nfd2 Be6 12. Nxd6 Qxd6 13. Nc4 Qd7 14. Qf3 Nh4 15. Qg3 Ng6 16. Be3 b6 17. a5 b5 18. Nd2 Nf4 19. Bxf4 exf4 20. Qf3 c4 21. Rfd1 cxd3 22. Nb3 Bc4 23. Nc5 Qe7 24. Nxd3 Rfe8 25. b3 Bxd3 26. Qxd3 Qxe4 27. Qxe4 Rxe4 28. Rd6 c5 29. Rxf6 Re2 30. Rf5 Rxc2 31. Rxg5+ Kh8 32. Rd1 Rc8 33. Rd7 Rb2 34. Rxa7 Rxb3 35. Rgg7 c4 36. a6 Ra3 37. Rxh7+ Kg8 38. Rag7+ Kf8 39. a7 c3 40. Rb7 Kg8 41. Rhg7+ Kh8 42. Rh7+ Kg8 43. Rhg7+ 1/2-1/2

[Event "HUN-chT2 Erkel 0607"]
[Site "Hungary"]
[Date "2006.11.12"]
[Round "1"]
[White "Cseke, Richard"]
[Black "Ondok, Laszlo"]
[Result "1-0"]
[WhiteElo "2270"]
[BlackElo "2203"]
[PlyCount "78"]
[EventDate "2006.11.12"]
[EventType "team"]
[EventRounds "11"]
[EventCountry "HUN"]
[SourceTitle "EXT 2008"]
[Source "ChessBase"]
[SourceDate "2007.11.25"]
[SourceVersion "1"]
[SourceVersionDate "2007.11.25"]
[SourceQuality "1"]
[WhiteTeam "Vaci"]
[BlackTeam "Keviterv"]
[WhiteTeamCountry "HUN"]
[BlackTeamCountry "HUN"]

1. e4 Nc6 2. d4 d5 3. e5 f6 4. f4 Bf5 5. c3 e6 6. Nf3 Be4 7. Be2 f5 8. 0-0 Nh6 9. b4 Nf7 10. Nbd2 Be7 11. Nb3 0-0 12. a4 Kh8 13. Be3 b6 14. b5 Nb8 15. c4 Nd7 16. Nfd2 Rg8 17. Nxe4 dxe4 18. d5 Nf8 19. Kh1 g5 20. Nd4 gxf4 21. Bxf4 Bc5 22. Nxe6 Nxe6 23. dxe6 Qxd1 24. Raxd1 Ng5 25. Bxg5 Rxg5 26. h4 Rg6 27. Rxf5 Rxe6 28. Rd7 Rae8 29. Rxc7 Rxe5 30. Rxe5 Rxe5 31. Rxa7 Rf5 32. a5 bxa5 33. Rxa5 Rf2 34. Ra2 Kg7 35. Rd2 Kf6 36. Kh2 e3 37. Rb2 Bb6 38. Rc2 Bc5 39. Rb2 Be7 1-0